Man United 2020 Squad - Statistics

General Stats
  • This quiz has been taken 22 times
  • The average score is 12 of 16
Answer Stats
Hint Answer % Correct
Number 1 David De Gea
100%
Best Player? (winger) Marcus Rashford
95%
Club Record Transfer Paul Pogba
95%
Came from Sporting Lisbon Bruno Fernandes
89%
Scored winner in 2016 FA Cup Final Jesse Lingard
89%
Captain Harry Maguire
84%
Chelsea Champions league winner Juan Mata
84%
Longest Serving Outfield player Phil Jones
84%
Scottish Midfielder Scott McTominay
84%
Signed from Shakhtar Donetsk Fred
79%
Academy Left-footed Striker Mason Greenwood
79%
Signed for around £50m in 2019 Aaron Wan-Bissaka
74%
African Defender Eric Bailly
74%
Newest Signing Odion Ighalo
42%
Number 20 Diogo Dalot
37%
Worst Footballer at the club Andreas Pereira
21%
No matching quizzes found
Score Distribution
Percent of People with Each Score
Percentile by Number Answered
Your Score History
You have not taken this quiz